Most common last names in Australia - Statistics

General Stats
  • This quiz has been taken 73 times
  • The average score is 7 of 20
Answer Stats
Answer % Correct
1 Smith
97%
2 Jones
76%
7 Johnson
66%
4 Brown
58%
10 White
58%
3 Williams
56%
8 Lee
41%
12 Thompson
36%
5 Wilson
34%
11 Anderson
32%
13 Thomas
32%
15 Nguyen
31%
9 Martin
24%
6 Taylor
22%
18 Kelly
19%
17 Robinson
15%
14 Walker
10%
19 King
8%
16 Ryan
8%
20 Campbell
7%
No matching quizzes found
Score Distribution
Percent of People with Each Score
Percentile by Number Answered
Your Score History
You have not taken this quiz